Little T - "Road Rage" Lyrics - Statistics

General Stats
  • This quiz has been taken 11 times
    9 since last reset
  • The average score is 19 of 32
Answer Stats
Lyric % Correct
I'm gonna (explicit) your {little} {sister}
100%
Yo, yes, light the {bifter}
100%
Five {chicken} licking
88%
Har-dar-dar wiv your {head} off a gate
75%
I'm gonna give her a {kicking}
75%
James, think you're a gypsy, don't get {lippy}
63%
Might be a bimbo, put your head through a {window}
63%
Talk about my {mum}, talk about yours
63%
That's why we have {beef}
63%
Yes, {calm} down with your bars
63%
Your mum look like an ape from {Planet} {the} {Earth}
63%
You will get {drop} {kick}, it will be easy
63%
Yo, yes, my name's called {Tate}
63%
Yo', you was {abortion} at birth
63%
Brother so fat can't run a {marathon}
50%
{Crying} all over the floor
50%
{Everybody} knows your mum is a (explicit)
50%
(explicit) scared of {Reece} {Lindsay}
50%
Getting round {Piccadilly} looking your willy
50%
I am {12}, it's my time to shine
50%
Imagrety I'm {war}
50%
Listens to {Bimbi}, how embarrassing
50%
Marco you will get {sparko}
50%
Punters pull up and say 'don't be {silly}'
50%
Rob a car like I'm something out of {Stig}
50%
Shut your mouth or I'll break your mum's {spine}
50%
Snap a leg like a {twig}
50%
Yo, think you're {big}?
50%
Your mum's on crack, you look like you're on {smack}
50%
You suck your dad off while your ma {flicks} her bean
50%
You will get {dropped} yeah, straight in a dig
50%
Yo, your mum is a {fiend}
50%
No matching quizzes found
Score Distribution
Percent of People with Each Score
Percentile by Number Answered
Your Score History
You have not taken this quiz since the last reset